书目信息 |
| 题名: |
基于煤气化的多联产能源系统
|
|
| 作者: | 倪维斗 , 李政 著 | |
| 分册: | ||
| 出版信息: | 北京 清华大学出版社 2011.01 |
|
| 页数: | 12,418页 | |
| 开本: | 24cm | |
| 丛书名: | 清华大学学术专著 | |
| 单 册: | ||
| 中图分类: | TQ546 , TK01 | |
| 科图分类: | ||
| 主题词: | 煤气化--能源--系统工程--研究 , 煤气化 , 能源 , 系统工程 | |
| 电子资源: | ||
| ISBN: | 978-7-302-23176-9 | |
| 000 | 01224oam2 2200349 450 | |
| 001 | 010050008618 | |
| 005 | 20130627093733.03 | |
| 010 | @a978-7-302-23176-9@b精装@dCNY85.00 | |
| 100 | @a20110127d2011 em y0chiy0110 ea | |
| 101 | 0 | @achi |
| 102 | @aCN@b110000 | |
| 105 | @aack z 001yy | |
| 106 | @ar | |
| 200 | 1 | @a基于煤气化的多联产能源系统@9ji yu mei qi hua de duo lian chan neng yuan xi tong@dPolygeneration energy systems based on coal gasification@f倪维斗,李政等著@zeng |
| 210 | @a北京@c清华大学出版社@d2011.01 | |
| 215 | @a12,418页@c图,肖像@d24cm | |
| 225 | 2 | @a清华大学学术专著 |
| 300 | @a国家科学技术学术著作出版基金资助出版 | |
| 320 | @a有索引 | |
| 330 | @a本书内容包括:绪论、多联产系统仿真工具平台、多联产通用单元过程模型、现代燃气轮机系统建模、整体煤气化联合循环系统的集成等。 | |
| 461 | 0 | @12001 @a清华大学学术专著 |
| 510 | 1 | @aPolygeneration energy systems based on coal gasification@zeng |
| 606 | 0 | @a煤气化@x能源@x系统工程@x研究 |
| 606 | 0 | @a煤气化 |
| 606 | 0 | @a能源 |
| 606 | 0 | @a系统工程 |
| 690 | @aTQ546@v4 | |
| 690 | @aTK01@v4 | |
| 701 | 0 | @a倪维斗@9ni wei dou@4著 |
| 701 | 0 | @a李政@9li zheng@4著 |
| 801 | 0 | @aCN@bRENTIAN@c20110127 |
| 905 | @b546204-07@dTQ546@e46@f4 | |
| 基于煤气化的多联产能源系统=Polygeneration energy systems based on coal gasification/倪维斗,李政等著.-北京:清华大学出版社,2011.01 |
| 12,418页:图,肖像;24cm.-(清华大学学术专著) |
| 国家科学技术学术著作出版基金资助出版 |
| ISBN 978-7-302-23176-9(精装):CNY85.00 |
| 本书内容包括:绪论、多联产系统仿真工具平台、多联产通用单元过程模型、现代燃气轮机系统建模、整体煤气化联合循环系统的集成等。 |
| ● |
| 相关链接 |
|
|
|
|
正题名:基于煤气化的多联产能源系统
索取号:TQ546/46
 
预约/预借
| 序号 | 登录号 | 条形码 | 馆藏地/架位号 | 状态 | 备注 |
| 1 | 546204 | 205462042 | 第二样本阅览室/ [索取号:TQ546/46] | 在馆 | |
| 2 | 546205 | 205462051 | 第三借阅区/ [索取号:TQ546/46] | 在馆 | |
| 3 | 546206 | 205462060 | 第三借阅区/ [索取号:TQ546/46] | 在馆 | |
| 4 | 546207 | 205462079 | 密集书库-化学系/ [索取号:TQ546/46] | 在馆 |